| 000 | 03957nam a2200457 a 4500 | ||
|---|---|---|---|
| 003 | CHAP | ||
| 005 | 20250203144853.0 | ||
| 007 | cr ||||||a|c|a | ||
| 008 | 110215s2011 mx r 00010 spa d | ||
| 035 | _a112176 | ||
| 040 | _cCHAP | ||
| 090 | _aTesis | ||
| 100 | 1 |
_aTorres Chocolatl, Armando Magdaleno _9114072 |
|
| 245 | 1 | 0 |
_aConservación de frutos de zapote mamey (Pouteria sapota (Jacq.) H.E. Moore & Stearn) mediante un recubrimiento polimérico a base de goma arábiga _c/por Armando Magdaleno Torres Chocolatl; director de tesis Salvador Valle Guadarrama. |
| 264 | 1 |
_aChapingo, Méx. : _bEl autor, _c2011. |
|
| 300 |
_a1 recurso en línea (62 páginas) : _bfiguras. |
||
| 336 |
_2rdacontent _atexto _btxt |
||
| 337 |
_2rdamedia _acomputadora _bc |
||
| 338 |
_2rdacarrier _arecursos en línea _bcr |
||
| 502 |
_bIA _cAgroindustrias _d2011. _gLIC |
||
| 520 | _aEl fruto de zapote mamey (Pouteria sapota Jacq. H.E. Moore & Stearn) es de gran relevancia en México al considerarse un fruto de muy buen sabor y buscado ampliamente por los consumidores. Al ser un fruto de clima tropical es muy susceptible a perder sus cualidades organolépticas debido a la alta tasa respiratoria que tiene y por su sensibilidad al etileno. El presente trabajo se hizo con el objetivo de evaluar el comportamiento de frutos de zapote mamey recubiertos con una película polimérica e inducir un efecto de atmósfera interna, además de combinarla con un sistema de conservación en refrigeración. Se utilizaron frutos de Tapachula, Chiapas y se realizó la instalación de 2 tratamientos: el primero consistió en una fórmula basada en goma arábiga (GA), carboximetilcelulosa (CMC) y sorbitol (SR) en proporción porcentual de 30-0.5-10 respectivamente. Esta fórmula se denominó GA. La segunda formula fue elaborada con goma arábiga, sorbitol, ácido oleico y un emulsificante comercial (Span 60) en proporciones de 30-0.5-10-5-0.5 %, respectivamente, con la cual se probó el efecto de la adición de un ácido graso sobre el balance hidrofílico-lipofílico. A esta formulación se le denominará AO. Y se comparó contra un testigo. Los frutos se almacenaron durante 20 días a 12.17 °C ± 0.58°C y se tomaron muestras a los 1, 3, 6, 8, 10, 13, 15, 17 y 20 días. Se evaluó la pérdida diaria de peso, las tasas de respiración como una prueba no destructiva y las variables de pH, acidez titulable, sólidos solubles totales (SST), azúcares reductores y totales, firmeza, color (Hue, Chroma y Luminosidad) y metabolitos anaerobios (alcohol y acetaldehído) como pruebas destructivas. En general en la tasa respiratoria no hubó diferencia significativa entre tratamientos, presentándose los picos climatéricos a los 17 días en condiciones de refrigeración + 1 día a temperatura ambiente a 20 °C (día 19) y a los 17 días en condiciones de refrigeración + 2 días a temperatura ambiente a 20 °C (día 20). Para las variables físicas y químicas, así como la de metabolitos anaerobios no presentó diferencia significativa a lo largo del tratamiento pero sí entre días. | ||
| 590 |
_aALEPH _b10 _c20130110 |
||
| 590 |
_aBATCH-UPD _b10 _c20130110 |
||
| 590 |
_aBATCH-UPD _b10 _c20130410 |
||
| 590 |
_aBATCH-UPD _b10 _c20130914 |
||
| 590 |
_aBATCH-UPD _b10 _c20140324 |
||
| 590 |
_aBATCH-UPD _b10 _c20141002 |
||
| 590 |
_aCONVERSION _b10 _c20130109 |
||
| 650 | 1 | 4 |
_aFruta _xConservación por frío. _943603 |
| 650 | 1 | 4 |
_aFruta _xSabor. _943658 |
| 650 | 1 | 4 |
_aRefrigeración. _995611 |
| 650 | 1 | 4 |
_aZapote. _9123666 |
| 700 | 1 |
_aValle Guadarrama, Salvador _9117597 _eDirector de tesis. |
|
| 856 |
_uhttp://10.13.5.2/tesis/112176.pdf _zDESCARGAR PDF |
||
| 901 | _aBK | ||
| 942 |
_cTD _2Clasificación Universidad Autónoma Chapingo |
||
| 949 |
_aTesis _bBC _cTES _d33724002230959 _eTS2 _fc.2 _gDonaciØn _h51968 _i112176 _st |
||
| 949 |
_aTesis _bBC _cTES _d33724002230991 _eTS1 _gDonaciØn _h51967 _i112176 _st |
||
| 999 |
_c100516 _d100516 |
||